000
00336nam a2200133Ia 4500
008
240624s9999 xx 000 0 und d
041
_a
eng
082
_a
158.7 TAY
100
_a
TAYLOR ROS
245
_a
CONFIDENCE AT WORK GET IT FEEL IT KEEP I
260
_c
2013
_a
New Delhi
_b
Kogan
300
_a
194 : p. : cm. ; 20
365
_c
RS
_b
33
999
_c
22240
_d
22240